Catálogo público

Riqueza biológica de Quintana Roo : (Record no. 109105)

MARC details
000 -CABECERA
campo de control de longitud fija 01166nam a2200301 a 4500
001 - NÚMERO DE CONTROL
campo de control 000112644
003 - IDENTIFICADOR DEL NÚMERO DE CONTROL
campo de control CHAP
005 - FECHA Y HORA DE LA ÚLTIMA TRANSACCIÓN
campo de control 20220329144316.0
008 - DATOS DE LONGITUD FIJA--INFORMACIÓN GENERAL
campo de control de longitud fija 160816s2011 mx a |r| ||||||spa d
010 ## - NÚMERO DE CONTROL DE LA BIBLIOTECA DEL CONGRESO
Número de control de LC 109105
011 ## - ENLACE DEL NUMERO DE CONTROL DE LA BIBLIOTECA DEL CONGRESO [OBSOLETO]
Número de control de LC 110077
020 ## - NÚMERO INTERNACIONAL ESTÁNDAR DEL LIBRO
Número Internacional Estándar del Libro 9786077607458 (Obra completa)
-- 978-607-7607-46-5 (v.1)
-- 978-607-7607-47-2 (v.2)
040 ## - FUENTE DE LA CATALOGACIÓN
Centro/agencia transcriptor CHAP
082 04 - NÚMERO DE LA CLASIFICACIÓN DECIMAL DEWEY
Número de clasificación 333.72097267
Número de documento/Ítem R59
245 10 - MENCIÓN DE TÍTULO
Título Riqueza biológica de Quintana Roo :
Resto del título un análisis para su conservación /
Mención de responsabilidad, etc. editada por Carmen Pozo, Natalia Armijo Canto y Sophie Calmé.
260 ## - PUBLICACIÓN, DISTRIBUCIÓN, ETC.
Lugar de publicación, distribución, etc. México, D. F. :
Nombre del editor, distribuidor, etc. Conabio
-- Colegio de la Frontera Sur
-- Gobierno del Estado de Quintana Roo 2005-
-- Programa de Pequeñas Donaciones-México,
Fecha de publicación, distribución, etc. 2011.
300 ## - DESCRIPCIÓN FÍSICA
Otras características físicas il ;
Dimensiones 2 v.
590 ## - NOTA LOCAL (RLIN)
Nota local E5765TAJ
Procedencia (VM) [OBSOLETO] 05
Condición del los carretes individuales (VM) [OBSOLETO] 20160816
-- UCH01
-- 1201
650 14 - PUNTO DE ACCESO ADICIONAL DE MATERIA--TÉRMINO DE MATERIA
Término de materia o nombre geográfico como elemento de entrada Biodiversidad
Subdivisión geográfica Quintana Roo (Estado).
9 (RLIN) 131049
650 14 - PUNTO DE ACCESO ADICIONAL DE MATERIA--TÉRMINO DE MATERIA
Término de materia o nombre geográfico como elemento de entrada Conservación de la biodiversidad
Subdivisión geográfica Quinta Roo (Estado).
9 (RLIN) 131048
650 14 - PUNTO DE ACCESO ADICIONAL DE MATERIA--TÉRMINO DE MATERIA
Término de materia o nombre geográfico como elemento de entrada Conservación de la naturaleza.
9 (RLIN) 125419
700 1# - PUNTO DE ACCESO ADICIONAL--NOMBRE DE PERSONA
Nombre de persona Armijo Canto, Natalia
Término indicativo de función/relación ed.
9 (RLIN) 131046
700 1# - PUNTO DE ACCESO ADICIONAL--NOMBRE DE PERSONA
Nombre de persona Calmé, Sophie
Término indicativo de función/relación ed.
9 (RLIN) 131047
700 1# - PUNTO DE ACCESO ADICIONAL--NOMBRE DE PERSONA
Nombre de persona Pozo, Carmen
Término indicativo de función/relación ed.
9 (RLIN) 131045
901 ## - ELEMENTOS DE DATOS A LOCAL LDA (RLIN)
a BK
942 ## - ELEMENTOS DE PUNTO DE ACCESO ADICIONAL (KOHA)
Tipo de ítem Koha Libro
942 ## - ELEMENTOS DE PUNTO DE ACCESO ADICIONAL (KOHA)
Suprimir en OPAC 0
Holdings
Estado de retiro Estado de pérdida Fuente del sistema de clasificación o colocación Estado dañado Restricciones de uso No para préstamo Código de colección Localización permanente Ubicación/localización actual Fecha de adquisición Información codificada de la localización en otra ubicación Total de préstamos Signatura topográfica completa Código de barras Fecha visto por última vez Precio válido a partir de Tipo de ítem Koha
    Dewey Decimal Classification   Préstamo 15 días   General Centro Regional San Luis Acatlán Centro Regional San Luis Acatlán 16/08/2016 LIBRO   333.72097267 R59 v.1 02000000121 31/12/2019 16/08/2016 Libro
    Dewey Decimal Classification   Préstamo 15 días   General Centro Regional San Luis Acatlán Centro Regional San Luis Acatlán 16/08/2016 LIBRO   333.72097267 R59 v.2 02000000122 31/12/2019 16/08/2016 Libro